[Event "Leningrad Interzonal"]
[Site "Leningrad RUS"]
[Date "1973.06.19"]
[Round "12"]
[White "Larsen, Bent"]
[Black "Tal, Mikhail"]
[Result "0-1"]
[WhiteElo "2620"]
[BlackElo "2655"]
[EventDate "1973.06.02"]
[PlyCount "70"]
[EventType "tourn"]
[EventRounds "17"]
[EventCountry "URS"]
[EventCategory "12"]
[Source "ChessBase"]
[SourceDate "1999.07.01"]
[WhiteTeamCountry "URS"]
[BlackTeamCountry "USA"]

1. c4 g6 2. Nc3 Bg7 3. Nf3 c5 4. g3 Nc6 5. Bg2 e6 6. O-O Nge7 7. d3 O-O 8.
 Bd2 d5 9. Qc1 b6 10. Bh6 Bb7 11. Bxg7 Kxg7 12. cxd5 Nxd5 13. h4 Nd4 14. 
Re1 h6 15. Ne5 Nxc3 16. Qxc3 Bxg2 17. Kxg2 Qd5+ 18. Nf3 D {The first thing
you'll notice is that there were two knights on the board. That
seems to benefit White, even though both are pinned.
One reason they help White is that he has an additional piece to defend 
his
kingside. In addition, he can trade knights on d4 under much better
circumstances than what happened in the game.
For example, if Black plays the hasty I . . . e5 White can reply 2 e4! , 
forcing
the queen back before Nxd4. For example, 2 . . . Qd6 3 Nxd4 ! exd4 isn't 
nearly
as good for Black as it was when the White pawn was on e2. Black would 
have
no target on the e-file and White can defend f2 more easily.
This explains why Black played} 18. ... Rad8 {Now if 2 e4 and a queen 
retreat,
Black can recapture on d4 with pieces and leave White to defend a backward
pawn at d3 forever. For example, 2 . . . Qc6 3 Nxd4 Rxd4 and . . . Rfd8 is
a clear
edge for Black, thanks to the pawn structure.
Instead of 2 e4?, White played} ( 18. ... e5 19. e4! Qd6 20. Nxd4! exd4 ) 
19. Kg1 {This unpins the knight so he can play
3 Nxd4, not fearing 3 . . . cxd4 4 Qc4 or 4 Qa3, or 3 . . . Qxd4 4 Qxd4. 
Black
would have only a minimal edge, if any.
Black also unpinned, with} ( 19. e4 Qd7 20. Re3 Qe7 21. Qd2 e5 =+ ) 
19. ... e5 {and threatened 3 . . .Nxf3+. White didn't
like retreating his knight because his kingside has no defender, e.g. 3 
Nd2 g5 ! and 4 hxg5 hxg5 and . . . Rh8.  So there followed} 20. Nxd4 exd4!
21. Qc4 Qh5 {We are nearly back to where we were in the first diagram we 
examined. But
White still had a chance to make a fight of it through astute use of the 
pawn
structure. Instead of 5 Qa4?, which he played, he should liquidate one of 
his
weaknesses with 5 e4 ! .
True, after 5 . . . dxe3 6 Rxe3 he still has to worry about the pawn at d3
. But
his rooks will become active, unlike in the game, and he has plenty of 
operating
space. That matters more.
After he played} 22. Qa4? D {Note how often the structure provides a hint 
about priorities, about what
matters most. A favorable structure can serve as a virtual roadmap in the
middlegame. Here's a memorable example.

Black knew he enjoyed the superior pawn structure, particularly in view of
the weakening h2-h4. This told him that White's threat - Qxa7 - may not be
worth preventing. The a-pawn shouldn't be as significant as one of White's
kingside pawns, should it? It shouldn't. Black considered} ( 22. e4 dxe3 
23. Qc3+ Kh7 24. Rxe3 ) 22. ... Rfe8! 23. Qxa7 Rd6 {and liked what he saw.
The rook on d6 defends the b6-pawn and will go to f6 for an attack on f2.
In addition, he threatens . Rxe2. White can't defend that pawn without
major concessions ( e4? fxe3 or Kf1 Rf6 and  . . . Qf5).
Instead, he tried to open lines for his rooks with} 24. b4 {But Black 
ignored that,
too, with} 24. ... Rf6! 25. bxc5? Qf5 26. f3 ( 26. Rf1? Rxe2 ) 26. ... Qh3
27. Qc7 Rf5! {Black wants to plant a rook on e5. That would block the 
c7-g3 diagonal and
threaten a winning . . . Qxg3+. White's king has no escape because Kf2 
will allow . . .Qh2+.
The finish was instructive. After} 28. cxb6 Rfe5 29. e4 {Black coordinated
his
heavy pieces,} 29. ... Qxg3+ 30. Kh1 Qxh4+ 31. Kg2 Rg5+ 32. Kf1 Qh3+ 33. 
Ke2 Rg2+ 34. Kd1 Qxf3+ 35. Kc1 Qf2 0-1

[Event "73. Tata Steel GMA"]
[Site "Wijk aan Zee NED"]
[Date "2011.01.29"]
[Round "12"]
[White "Vachier-Lagrave, Maxime"]
[Black "Nepomniachtchi, Ian"]
[Result "1-0"]
[WhiteElo "2715"]
[BlackElo "2733"]
[EventDate "2011.01.14"]
[WhiteTitle "GM"]
[BlackTitle "GM"]
[WhiteFideId "623539"]
[BlackFideId "4168119"]

{Structured Study

How do you master pawn structures? The simplest way is to go over
annotated games with different structures and figure out which structures 
are
good, which are bad and which fall in between.

It's important to work with annotated games because good notes - that is,
notes with words, not just moves - reveal a lot of subtleties you might 
otherwise
miss.} 
1. d4 Nf6 2. c4 g6 3. Nc3 d5 4. Nf3 Bg7 5. e3 O-O 6. cxd5 Nxd5 7. Bc4 Nb6 
8. Bb3 c5 9. O-O cxd4 10. exd4 Nc6 11. d5 Na5 12. Re1 Bg4 13. h3 Bxf3 14. 
Qxf3 Re8 15. Be3 D {You might be able to figure out on your own that White
is slightly better and
his advantage lies in the d5-pawn. It gives him more operating space than 
Black.
Black can try to change that evaluation with} 15. ... Bxc3! ( 15. ... Nxb3
16. axb3 Bxc3 {White would have been
forced to save his d-pawn with} 17. Bxb6! Qxb6 18. bxc3! {If White is 
allowed to play 5 c4 he will have increased his edge appreciably
because the structure is now plainly superior: He would have a target to 
pound
at e7, the prospect of kingside attack with h2-h4-h5 and even the 
possibility of
creating a passed queenside pawn.  Can Black change the structure? Yes, 
but he would be worse after} 18. ... Qxb3 ( 18. ... e6 19. dxe6 Rxe6 20. 
Rxe6 Qxe6? ( 20. ... fxe6 21. c4! ) 21. Qxb7 ) 19. Rab1 Qa3 20. Rxb7 += ) 
16. bxc3?! ( 16. Bxb6! Qxb6 17. bxc3 ) 16. ... Nxb3 17. Bxb6 D {But in 
this version Black was able to insert the forcing} 17. ... Nd2 {So Black's
trick allows him to equalize
after} 18. Qd3 ( 18. Bxd8? Nxf3+ 19. gxf3 =+ ) 18. ... Qxb6 19. Qxd2 Qc5 
20. Re4 = Rad8 21. c4 f5 22. Re5 Qxc4 23. Rc1 Qa6 24. Rce1 Qd6 25. h4 Rd7 
26. h5 gxh5 27. Rxf5 e5 28. Qg5+ Rg7 29. Qxh5 Rge7 30. Qf3 Rg7 31. Rf6 Qd8
32. d6 e4 33. Qf5 Rd7 34. Re3 Rxd6 35. Rg3+ Kh8 36. Rg7 1-0

[Event "Moscow2"]
[Site "Moscow RUS"]
[Date "1995.??.??"]
[Round "?"]
[White "Razuvaev, Yuri S"]
[Black "Sveshnikov, Evgeny"]
[Result "1-0"]
[WhiteElo "2580"]
[BlackElo "2560"]
[EventDate "1995.04.??"]
[Annotator "Belov"]
[EventType "tourn"]
[EventRounds "9"]
[EventCountry "RUS"]
[EventCategory "11"]
[Source "ChessBase"]
[SourceDate "2004.01.01"]
[WhiteTeamCountry "ISR"]
[BlackTeamCountry "NED"]

{Here's a more elaborate example. The two players take turns trying to get
a
structure they want to play. Without good notes the would-be master could 
get
quite confused. He would realize how often the structure changes but not 
why.} 
1. d4 d5 2. c4 e6 3. Nf3 c6 4. Nbd2 Nf6 5. g3 ( 5. Qc2 Nbd7 6. e4 dxe4 7. 
Nxe4 Nxe4 8. Qxe4 Bb4+ 9. Bd2 Bxd2+ 10. Nxd2 c5 11. Nb3 O-O 12. O-O-O cxd4
13. Rxd4 e5 14. Rd2 Qc7 ~ {Tosic,M-Tregubov,P/Alushta 3/1993/0:1/42/} ) ( 
5. e3 Nbd7 6. Bd3 c5 7. cxd5 exd5 8. b3 Bd6 9. Bb2 O-O 10. O-O cxd4 11. 
exd4 Re8 = {Van der Sterren,P-Van der Werf,M/NLD(ch)/1994/0,5/20/} ) 
5. ... Nbd7 ( 5. ... c5 6. Bg2 Nc6 7. O-O cxd4 8. cxd5 Nxd5 9. Nb3 Be7 10.
 Nbxd4 Nxd4 ( 10. ... O-O 11. Nxc6 bxc6 12. Qa4 Qb6 13. e4 += {
Christiansen,L-Wolff,P/Wijk op/1993/0,5/40/} ) 11. Nxd4 O-O 12. e4 Nb4 13.
 a3 e5 14. Nf5 Nc6 15. Be3 Bf6 16. Bc5 Qxd1 17. Rfxd1 Rd8 = {
Wojtkiewicz,A-Yermolinsky,A/New York Hudson/1993/0,5/26/} ) 6. Qc2 b5?! N 
{Black's last move tries to force a favorable trade, 7 cxb5 cxb5. That 
would
likely allow him to seize the open file with . . . .Rc8. Also . . . .Bb7 
after the pawn
trade would make it hard for White to carry out his best bet (e2-e4) for 
opening
the position in his favor.
White appreciated all this and played} ( 6. ... Be7 7. Bg2 O-O 8. O-O b6 )
7. c5! {The new structure favors him.
Why? Because he has more space and can open lines favorably for his pieces
with either e2-e4 or a2-a4, or both.
Black saw this much too. He replie} 7. ... e5 {("Otherwise I'm just 
positionally
bad," he said afterwards).
The little tactic that makes 7 . . . e5 possible is 8 dxe5 Ng4, after 
which he
must regain either the pawn at e5 or the one at c5.
So far, we've seen three tries at obtaining a better structure, 6 ... b5, 
7 c5 and
7 . . . e5 . After} ( 7. ... Be7 8. a4 b4 9. a5 +/- ) ( 7. ... a6 8. a4 
Bb7 9. Bg2 Be7 10. O-O O-O += ) 8. dxe5 Ng4 {White considered one more 
change, 9 e6 and
9 . . . fxe6.
Black's position would be loosened and there would be potential targets at
e6 and h7. But White couldn't see a way to exploit them in the near 
future.
Instead, he solidified his superior queenside with} 9. b4! {Left 
unchallenged, this move would allow White to create a bind with
10 Bb2 and Nb3-aS .
Black's pieces would be in such a mess that he might try to break out with
9 ... a5 before White has time for Nb3 .
But White could then sacrifice a pawn favorably, 10 Bb2 ! axb4, in order 
to play 11 h3 . After 11 . . .Nh6 his compensation lies in the positional 
pull of
12 Nb3 and a later e2-e4. Or, after 12 . . . .Be7, in the tactics of 13 e6
Nf6 14 g4.
Black appreciated as well as White did that the e5-pawn is the most
important feature of these lines. He hurried to get it off the board with}
9. ... Ndxe5?! {rather than 9 . . . a5 .
But, strangely enough, this was a mistake. (Correct was with 9 . . .Ngxe5 
! .)
The difference between the two captures was shown by} ( 9. ... a5 10. Bb2 
Qc7 ( 10. ... axb4 11. h3 Nh6 12. Nb3 Qc7 ~ ) 11. a3 Ngxe5 12. Bg2 += ) ( 
9. ... Ngxe5 10. Bb2 Nxf3+ 11. Nxf3 ( 11. exf3 Nf6 12. Bg2 Qe7+ ~ ) 
11. ... Nf6 12. Bg2 Be7 13. O-O O-O 14. a4 += ) 10. Bb2 Nxf3+ 11. exf3! D 
{Black had counted on 11 Nxf3 so that he could anticipate 12 a4 with
11 ... a5 ! . Then his queens ide inferiority is reduced.
But after 11 exf3 ! his knight is under attack and White has time to deter
. . . aS . Play went} 11. ... Nf6 12. Nb3! {The doubling of White's pawns 
isn't nearly a s important as his ability to
solidify on the queenside. He can complete his development and then make
inroads with a2-a4 and/or Na5 . Or he can try to attack on the kingside 
with
Bd3 .
Black knew from his own experience how bad positions like 12 . . . Be7
13 a4 bxa4 14 Rxa4 are. He became desperate and tried} 12. ... a5?! D {But
White has one more favorable way to alter the pawns} 13. a4!? {rather than
13 Nxa5 . Then 13 . . . bxa4 14 Rxa4 would doom the aS-pawn without any
compensation. Instead, Black chose} ( 13. Nxa5 Rxa5 14. bxa5 Qxa5+ 15. Bc3
( 15. Qd2 Qxd2+ 16. Kxd2 Bxc5 ) 15. ... b4 ( 15. ... Qa3 ) 16. Bxf6 gxf6 
17. Qd2 +/- ) 13. ... axb4 14. axb5 Rxa1+ 15. Bxa1 {If Black allows 16 b6,
the protected passed pawn leaves him positionally
lost. But Black would lose even faster after 15 . . . cxb5 16 Bxb5+ Bd7 17
c6.
The game drew to a finish after} 15. ... Be7 ( 15. ... cxb5 16. Bxb5+ Bd7 
17. c6 +- ) 16. b6! +/- O-O 17. h4 {White is taking
minor precautions, to avoid complications such as 17 Bd3 Bh3 or 17 Bg2 
Ba6.
After Black tried} ( 17. Bd3 Bh3 18. Nd4 Qd7 ) 17. ... d4?! ( 17. ... Re8 
18. Be2 d4 ( 18. ... Be6 19. Nd4 Qd7 20. O-O +- ) 19. Bxd4 ( 19. Nxd4 Qd5 
20. Nb3 Be6 ~ ) 19. ... Be6 20. Be3 Qd5 21. Na5 Ng4 â‡„â‡„ ) 18. Bc4! ( 
18. Nxd4?! Qd5 19. Nb3 Qxf3 ~ ) 18. ... Nd5 19. Bxd4 Re8 {White took 
another
safety step,} 20. Kf1! {But the game had been decided earlier by clever 
pawn play. The bankruptcy
of Black's position was clear after} ( {to avoid the complications of} 20.
 O-O Bxh4!? ) 20. ... Bf6 ( 20. ... Be6 21. Kg2 Bf6 22. Rd1 +- ) 21. Bxf6 
Qxf6 22. Bxd5 cxd5 23. Kg2 +- d4 24. Rd1 Bf5 25. Qb2 Bh3+ 26. Kxh3 Qxf3 
27. Qc2 d3 28. Qxd3 Qxf2 1-0

[Event "Linares 12th"]
[Site "Linares"]
[Date "1994.??.??"]
[Round "11"]
[White "Kasparov, Garry"]
[Black "Anand, Viswanathan"]
[Result "1-0"]
[WhiteElo "2805"]
[BlackElo "2715"]
[EventDate "1994.02.??"]
[Annotator "Boensch,U"]
[EventType "tourn"]
[EventRounds "13"]
[EventCountry "ESP"]
[EventCategory "18"]
[Source "ChessBase"]
[SourceDate "2004.01.01"]
[WhiteTeamCountry "FIN"]
[BlackTeamCountry "SWE"]

1. e4 {Ftacnik} 1. ... c5 2. Nc3 ( 2. Nf3 {Ftacnik} 2. ... e6 3. d4 cxd4 
4. Nxd4 Nf6 5. Nc3 d6 6. Be2 Be7 7. O-O O-O 8. Be3 Nc6 9. Nb3 Qc7 10. f4 
a6 11. a4 b6 12. Bf3 Rb8 13. Qe2 Na5 14. Rad1 ( 14. Nd2 Bb7 15. g4 Rfc8 
16. Qg2 Nd7 17. g5 Nc4 18. Nxc4 Qxc4 19. h4 b5 20. axb5 axb5 21. Rac1 b4 
22. Nd1 b3 23. cxb3 Qxb3 24. Rxc8+ {Fichtl, J-Jansa,V/CSSR ch/1974/} ) ( 
14. g4 Nc4 15. g5 Nd7 16. Bc1 Re8 17. Bg2 b5 = {Spassky,B-Garcia 
Martinez,S/Moskva/1975/} ) ( 14. Rae1 Nc4 15. Bc1 b5 16. axb5 axb5 17. Kh1
b4 18. Nd1 Ba6 19. Nf2 Rfe8 20. Nd3 e5 21. g3 d5 22. exd5 e4 23. Bxe4 Bd6 
24. Qg2 {Grottke,HJ-Vogt,L/DDR ch/1977/0-1 (30)} ) 14. ... Nc4 15. Bc1 b5 
16. axb5 axb5 17. Qf2 b4 18. Ne2 d5 19. f5 e5 20. Ng3 d4 21. Nh5 Qb6 22. 
Nxf6+ Bxf6 23. Rfe1 Ba6 24. g4 {Cabello,FJ-Arroyo,E/Candas op 
(04)/1992/0-1 (42)} ) 2. ... d6 3. Nge2 Nc6 4. d4 cxd4 5. Nxd4 Nf6 6. Bc4 
Qb6 7. Nb3 ( 7. Nde2 e6 8. O-O Be7 9. a4 O-O 10. Be3 Qc7 11. Ng3 a6 12. 
Qe2 Bd7 13. f4 Rac8 14. Bd3 Rfe8 = {Saltaev,M-Tseitlin,MS Tiraspol (5) 
1994 0-1 63} ) 7. ... e6 8. Bf4 Ne5 9. Be2 Be7 ( 9. ... a6 10. Bg3 N ( 10.
 Be3 Qc7 11. f4 Nc4 12. Bxc4 Qxc4 13. Qf3 d5 14. e5 Ne4 15. Nxe4 Qxe4 16. 
Qxe4 dxe4 17. O-O-O +/- {Zaitzev,I-Serper,G Moskow7 op 1991 1-0 41} ) 
10. ... h5! 11. h3 Qc7 12. f4 Nc4 13. Bxc4 Qxc4 14. Qf3 h4 15. Bh2 Bd7 16.
 O-O-O Rc8 17. Rhe1 b5 18. Qf2? ( 18. a3 ~ ) 18. ... Qc7 19. e5 b4 20. Rd3
dxe5 21. fxe5 bxc3 22. Rxc3 Qxc3!? ( 22. ... Qb8 ) 23. bxc3 Ba3+ 24. Kd2? 
( 24. Kb1 ~ ) 24. ... Nd5 -/+ {Ivanchuk,V-Kramnik,V Linares (06) 1993 0-1 
33} ) ( 9. ... Bd7 10. O-O Be7 11. Be3 Qc7 12. f4 Nc4 13. Bxc4 Qxc4 14. 
Bd4 O-O 15. e5 dxe5 16. fxe5 Nd5 = {Zaitzev,I-Kiselev,S Podolsk 1991 1-0 
48} ) 10. Be3 Qc7 11. f4 Nc6 ( 11. ... Ng6 12. O-O O-O 13. g3 Bd7 14. h4 
Rfc8 15. h5 Nf8 16. Bf3 h6 17. Rf2 e5 = {Zaitsev,I-Makarov,M Podolsk 1992 
1/4 22} ) ( 11. ... Nc4 12. Bxc4 ( 12. Nb5 Qc6 13. Bxc4 Qxc4 14. Qd3 ~ ) 
12. ... Qxc4 13. Qf3 â†‘ ) 12. Bf3 a6 13. O-O O-O ( 13. ... b5?! 14. e5 
dxe5 15. fxe5 Nd7 16. Bxc6 Qxc6 17. Nd4 ( 17. Na5 Qc7 18. Qf3 Qxa5 19. 
Qxa8 O-O =/& ) 17. ... Qb7 18. Qg4 â†’ ) 14. a4 b6 D {Pawns and Priyomes

Obtaining the pawn structure you want to play is typically the first step 
of a
two-step process. The equally important second step is knowing how to 
exploit
it. The Russians gave us a word - priyome - to describe the technique that
is
appropriate for a particular pawn structure.

You already know some of these even if you've never heard of the word
priyome. Suppose you're playing a rook endgame with seven pawns apiece.
There is one open file. The priyome is simply to seize control of the file
with
your rook. It's virtually an automatic, no-think move for most players and
it
typically obtains an advantage.

Most priyomes are much more sophisticated than that. They are both 
tactical
and strategic. They can provide you with just a hint of what the next move
should be. Or they can hand you a full-blown middlegame script, leading 
almost
to mate. Here's an elaborate priyome that became familiar in the last 20 
years
and defeated some of the strongest players.

Knowing the priyome allows White to play his next half dozen moves with
confidence. He begins with} 15. g4! {If allowed, he will continue 16 g5 
followed by 17 Bg2, to free the rook at f1 .
Then comes 18 Rf3 and 19 Rh3, targeting h7. He follows up by getting his 
queen
to the h-file and threatening 'ifxh7 mate.
This plan is so strong that if Black doesn't take emergency action - say 
with
15 . . . d5 !? 16 exd5 Rd8 - he can be overrun. In fact, the priyome begun
by 15 g4
has won hundreds of games, in similar positions. Often Black has to do all
the
hard thinking - because White is being guided by the priyome.
This game illustrated this when it continued} 15. ... Rb8? 16. g5 Nd7 17. 
Bg2! Re8 ( 17. ... Nc5 18. f5! +/- ) ( 17. ... g6 {Ftacnik} 18. f5 â†’ ( 
18. Rf3 Nc5 ) ) 18. Rf3 Nc5?! ( 18. ... Na5!? ) 19. Rh3 {To stop Qh5,  
Black played} 19. ... g6 20. Qg4 D {The script goes much further: Black 
cannot stop Qh4. But he has a trick defense to it in . . . h5, since gxh6 
would lose the queen to . . . .Bxh4.
Nevertheless White will win if he is allowed to play Bf3xh5 ! . That's 
what
happened here:} 20. ... Nb4? ( 20. ... e5 {Ftacnik} 21. f5 Nb4 22. Qh4 h5 
23. Bf3 Nxc2 24. Nd5 Qd8 25. Bxh5 Bxf5 26. Bg4 +- ) 21. Qh4 h5 22. Bf3! 
Bf8 ( 22. ... Nxc2 23. Bxh5 +- ) 23. Bxh5 gxh5 ( 23. ... Bg7!? 24. Bd4 ( 
24. Bd1 += ) 24. ... e5 25. f5!! exd4 26. Bxg6 fxg6 ( 26. ... dxc3 27. 
Qh7+ Kf8 28. f6 +- ) 27. Qh7+ Kf8 28. Rf1!! gxf5 29. exf5 Re1! ( 29. ... 
dxc3 30. f6 +- ) 30. Rxe1 dxc3 31. Rhe3 Ne6 32. fxe6 Bxe6 33. Rf1+ +- ) 
24. Qxh5 Bg7 25. Bd4! e5 ( 25. ... Bxd4+ {Ftacnik} 26. Nxd4 Kf8 27. g6! ( 
27. Qh6+ Ke7 28. Qf6+ Kd7 29. Rh7 Re7 30. g6 ) 27. ... Bb7 28. Qg5 +- ) 
26. f5! Nxe4 ( 26. ... exd4? 27. Qh7+ Kf8 28. f6 +- ) ( 26. ... Kf8!? ) 
27. Qh7+ Kf8 28. Nxe4 Bxf5 ( 28. ... exd4 {Ftacnik} 29. f6 ) 29. Qxf5 exd4
30. Nf6!! +- Qxc2 31. Nxd4! Qxb2 ( 31. ... Qxf5 32. Nxf5 Red8 33. Nh7+ ( 
33. Rh7 {Ftacnik} 33. ... Bxf6 34. gxf6 Ke8 35. Re1+ +- ) 33. ... Kg8 34. 
Ne7+ Kh8 35. Nf6+ +- ) 32. Rd1 Re5 ( 32. ... Re1+ {Ftacnik} 33. Rxe1 Qxd4+
34. Rhe3 Bxf6 35. gxf6 Nd5 36. Qh5 +- ) 33. Nd7+ Ke7 34. Nxe5 Bxe5 35. Qe4
! 1-0

[Event "RUS-Cup"]
[Site "Krasnodar RUS"]
[Date "1998.??.??"]
[Round "5"]
[White "Fedorov, Alexei"]
[Black "Khurtsidze, Nino"]
[Result "1-0"]
[WhiteElo "2595"]
[BlackElo "2390"]
[EventDate "1998.??.??"]
[PlyCount "57"]
[EventType "swiss"]
[EventRounds "9"]
[EventCountry "RUS"]
[Source "ChessBase"]
[SourceDate "1999.11.16"]
[WhiteTeamCountry "ENG"]
[BlackTeamCountry "ENG"]

1. e4 c5 2. Nf3 e6 3. Nc3 a6 4. d4 cxd4 5. Nxd4 Qc7 6. g3 Bb4 7. Bd2 Nf6 
8. Bg2 Nc6 9. Nb3 Be7 10. f4 d6 11. O-O O-O 12. g4 b5 13. g5 Nd7 14. a3 
Re8 15. Rf3 Bb7 16. Rh3 g6 17. Qe1 b4 18. Qh4 h5 {The first move to occur 
to Sicilian-beating masters is obvious} 19. Bf3! {The
game was decided by} 19. ... bxc3 20. Bxh5! Bxg5 ( 20. ... gxh5 21. Qxh5 )
21. Qxg5 Qd8 22. Qh6! cxb2 23. Rf1 Qf6 24. Bc3 e5 25. fxe5 Qxf1+ 26. Kxf1 
b1=Q+ 27. Kf2 Ndxe5 28. Be2 f6 29. Qh8+ {Priyomes and pawn structures are 
intimately related. Changing the pawn
structure, as White did with g2-g4-g5, will make little sense unless you 
know
the priyome that is appropriate. A change in structure also lacks point if
you
don't have the pieces to make the priyome work. Sometimes a pawn advance 
or capture can be a brilliant move or a positional blunder depending on 
whether
you can carry out the priyome} 1-0